[Event "Maastricht Limburg op-B 8th"]
[Site "Maastricht"]
[Date "2014.06.08"]
[Round "4"]
[White "Van Doorn, Hans"]
[Black "Van Zwet, Matthias"]
[Result "1-0"]
[WhiteElo "1928"]
[BlackElo "1806"]
[PlyCount "41"]
[EventDate "2014.06.06"]
[EventType "swiss"]
[EventRounds "7"]
[EventCountry "NED"]
[SourceTitle "EXT 2015"]
[Source "ChessBase"]
[SourceDate "2014.11.20"]
[SourceVersion "1"]
[SourceVersionDate "2014.11.20"]
[SourceQuality "1"]

1. d4 g6 2. c4 Bg7 3. e4 d6 4. Nc3 Nc6 5. Nge2 e5 6. d5 Nce7 7. Ng3 h5 8. Bd3 h4 9. Nf1 Bh6 10. Ne3 Nf6 11. Be2 Neg8 12. Bd2 Kf8 13. Nc2 Kg7 14. Bxh6+ Nxh6 15. Qd2 Bd7 16. 0-0-0 a6 17. f4 exf4 18. Qxf4 Nh7 19. g3 h3 20. Rhf1 Qg5 21. Rd2 1-0

[Event "Maastricht Limburg op-B 8th"]
[Site "Maastricht"]
[Date "2014.06.06"]
[Round "1"]
[White "Van Zwet, Matthias"]
[Black "Koelmans, Jan Willem"]
[Result "1/2-1/2"]
[WhiteElo "1806"]
[BlackElo "1948"]
[PlyCount "49"]
[EventDate "2014.06.06"]
[EventType "swiss"]
[EventRounds "7"]
[EventCountry "NED"]
[SourceTitle "EXT 2015"]
[Source "ChessBase"]
[SourceDate "2014.11.20"]
[SourceVersion "1"]
[SourceVersionDate "2014.11.20"]
[SourceQuality "1"]

1. d4 d5 2. c4 c6 3. cxd5 cxd5 4. Nc3 Nf6 5. Nf3 Nc6 6. Bf4 Bf5 7. e3 e6 8. Qb3 Bb4 9. Bb5 0-0 10. 0-0 Bxc3 11. Qxc3 Rc8 12. Qa3 a6 13. Be2 Ne4 14. Rfd1 g5 15. Bg3 Qa5 16. Qxa5 Nxa5 17. Ne1 Nc4 18. Bxc4 Rxc4 19. f3 Nxg3 20. hxg3 Rfc8 21. g4 Bg6 22. Rd2 f6 23. Kf2 Kf7 24. Rad1 Ke7 25. Nd3 1/2-1/2